000 00613nam a2200193 a 4500
001 1769948270520
003 YourLibrary
005 20260201175203.0
008 260201s2002##################000#0#eng##
020 _a9783631398869
082 0 4 _a332.10947
_bBUC
100 1 _aBuchenrieder, Gertrud,
_eauthor.
245 1 0 _aSequencing of Institution Building in the Transition Process of Central and Eastern Europe's Financial Systems :
260 _bPeter Lang Pub Incorporated,
_c2002.
300 _a513 pages
650 0 _aBusiness & Economics.
942 _cENGLISH
040 _aYourLibrary
_beng
_cYourLibrary
999 _c609945
_d609945